LEADER 01118cam0 2200265 450 001 E600200066806 005 20101001072330.0 100 $a20101001d1982 |||||ita|0103 ba 101 $aita 102 $aIT 200 1 $a<>"modello" romano del Code Napoleon: problemi del diritto delle persone$fSandro Schipani 210 $a[Napoli]$cEdizioni Scientifiche Italiane$d[1982?] 215 $ap. 135-143$d24 cm 300 $a(mm) 300 $aEstr. da: La nozione di "romano" tra cittadinanza e universalità (Atti del 2. seminario internazionale di studi storici "Da Roma alla terza Roma", 21-23 aprile 1982) 700 1$aSchipani$b, Sandro$3A600200055055$4070$0186515 801 0$aIT$bUNISOB$c20101001$gRICA 850 $aUNISOB 852 $aUNISOB$jFondo|Casavola|Opusc$m149327 912 $aE600200066806 940 $aM 102 Monografia moderna SBN 941 $aM 957 $b938$gSi$d149327$hCasavola$rdono$1menle$2UNISOB$3UNISOB$420101001072333.0$520101001072405.0$6menle$aFondo|Casavola|Opusc 996 $a"modello" romano del Code Napoleon: problemi del diritto delle persone$91703385 997 $aUNISOB LEADER 01197nam0 22002891i 450 001 UON00292482 005 20231205103927.683 100 $a20070411d1979 |0itac50 ba 101 $aita 102 $aIT 105 $a|||| 1|||| 200 1 $aTesto-riforma$e"Exercicios Espirituales" e "Cántico Espiritual"$emetonimia e metafora nel sec. 16. / Giuseppe de Gennaro 205 $aNapoli : Giannini$b[stampa 1979] 210 $a206 p.$a22 cm 215 $aIn testa al front.: Università degli Studi dell'Aquila, Facoltà di magistero. 606 $aGIOVANNI DELLA CROCE $3UONC049960$2FI 606 $aIGNAZIO DI LOYOLA $3UONC049961$2FI 620 $aIT$dNapoli$3UONL000012 676 $a248$cEsperienza, pratica, vita cristiana$v21 700 1$aDE GENNARO$bGiuseppe$3UONV111487$0252098 712 $aGiannini$3UONV246680$4650 801 $aIT$bSOL$c20240220$gRICA 899 $aSIBA - SISTEMA BIBLIOTECARIO DI ATENEO$2UONSI 912 $aUON00292482 950 $aSIBA - SISTEMA BIBLIOTECARIO DI ATENEO$dSI SPA III 1523 $eSI LO 17986 5 1523 996 $aTesto-riforma$91252082 997 $aUNIOR